Tutte le squadre che hanno giocato una Coppa del Mondo - Statistics

Statistiche generali
  • Questo quiz è stato fatto 145 volte
  • Il punteggio medio è 66 su 81
Statistiche sulle risposte
# Miglior Piazzamento Squadra % Corretto
18 Vincitore Argentina
100%
22 Vincitore Brasile
100%
20 Vincitore Germania / Germania Ovest
100%
18 Vincitore Italia
100%
8 Terzo Posto Portogallo
99%
16 Vincitore Francia
98%
11 Quarto Posto Russia / Unione Sovietica
97%
16 Vincitore Spagna
97%
14 Vincitore Uruguay
97%
11 Terzo Posto Stati Uniti
96%
6 Vicecampioni Croazia
95%
7 Ottavi di Finale Giappone
95%
16 Vincitore Inghilterra
95%
14 Terzo Posto Belgio
94%
17 Quarti di Finale Messico
94%
6 Quarti di Finale Colombia
93%
3 Gironi Egitto
93%
3 Ottavi di Finale Grecia
93%
11 Vicecampione Paesi Bassi
93%
12 Vicecampione Svezia
93%
6 Ottavi di Finale Australia
92%
9 Terzo Posto Cile
92%
1 Ottavi di Finale Cina
92%
3 Ottavi di Finale Norvegia
92%
12 Quarto di Finale Svizzera
92%
11 Quarto Posto Corea del Sud
91%
3 Quarti di Finale Irlanda
91%
6 Quarto Posto Marocco
91%
1 Quarti di Finale Ucraina
90%
1 Ottavi di Finale Islanda
89%
1 Ottavi di Finale Slovacchia
89%
6 Quarti di Finale Danimarca
88%
9 Terzo Posto Polonia
88%
3 Quarti di Finale Senegal
88%
2 Gironi Canada
87%
6 Gironi Iran
87%
2 Gironi Slovenia
87%
3 Gironi Sudafrica
87%
2 Terzo Posto Turchia
87%
8 Quarti di Finale Paraguay
86%
6 Ottavi di Finale Arabia Saudita
85%
2 Quarti di Finale Corea del Nord
85%
2 Gironi Nuova Zelanda
85%
9 Vicecampione Ungheria
85%
4 Ottavi di Finale Ecuador
84%
6 Ottavi di Finale Nigeria
84%
1 Ottavi di Finale Qatar
84%
9 Vicecampione Repubblica Ceca / Cecoslovacchia
84%
4 Ottavi di Finale Serbia / Serbia e Montenegro
84%
4 Ottavi di Finale Algeria
83%
4 Quarti di Finale Ghana
83%
7 Terzo Posto Austria
82%
7 Quarti di Finale Romania
82%
6 Gironi Tunisia
81%
3 Gironi Bolivia
80%
5 Quarti di Finale Perù
80%
7 Quarto Posto Bulgaria
79%
1 Ottavi di Finale Iraq
79%
8 Gironi Scozia
79%
1 Ottavi di Finale Zaire
79%
6 Quarti di Finale Costa Rica
77%
1 Ottavi di Finale Panama
77%
1 Ottavi di Finale Bosnia ed Erzegovina
76%
8 Quarti di Finale Camerun
76%
1 Ottavi di Finale Israele
76%
3 Gironi Honduras
74%
2 Quarti di Finale Galles
73%
1 Quarti di Finale Cuba
72%
3 Gironi Costa d'Avorio
69%
3 Quarti di Finale Irlanda del Nord
65%
1 Ottavi di Finale Giamaica
64%
1 Ottavi di Finale Haiti
62%
1 Ottavi di Finale Emirati Arabi Uniti
54%
9 Quarto Posto Jugoslavia
54%
1 Ottavi di Finale Angola
52%
2 Gironi El Salvador
49%
1 Ottavi di Finale Togo
49%
1 Ottavi di Finale Trinidad e Tobago
48%
1 Ottavi di Finale Kuwait
41%
1 Ottavi di Finale Germania Est
29%
1 Ottavi di Finale Indie Orientali Olandesi
12%
Nessun quiz corrispondente trovato
Distribuzione punteggi
Percentuale di utenti per punteggio
Percentile per numero di risposta
I tuoi punteggi nel tempo
Non hai fatto questo quiz